000
00234nam a22001217a 4500
040
_c
SK
082
_a
634
100
_a
NGUYEN VANSO
245
_a
Agroforestry syllabus
260
_a
VIETNAM
_b
NGU
_c
1997
300
_a
12p.
942
_c
EK
999
_c
8969
_d
8969